Important Events of History - Statistics

General Stats
  • This quiz has been taken 25 times
  • The average score is 9 of 26
Answer Stats
Date Answer % Correct
1914 AD Start of World War I
95%
1939 AD Start of World War II
95%
1945 AD The first nuclear bomb is dropped over Hiroshima
75%
1492 AD Discovery of America by Christopher Columbus
60%
1933 AD Start of the Nazi regime in Germany
60%
2001 AD Terrorists attack the USA
60%
1789 AD Start of the French Revolution
50%
1929 AD Start of the Great Depression
50%
1941 AD The bombing of Pearl Harbor
50%
1989 AD Fall of the Berlin Wall
35%
1991 AD Dissolution of the Soviet Union
30%
1215 AD Signing of the Magna Carta
30%
1941 AD Start of Operation Barbarossa
30%
476 AD The fall of Rome
30%
490 BC The establishment of Rome
25%
1618-1648 AD The Thirty Years‘ War
25%
1947 AD Start of the Cold War
15%
1095 AD The first crusade
15%
1346 AD Outbreak of the Black Death
10%
c 30-33 AD The birth of christianity
10%
1969 AD The first man on the moon
10%
732 AD Battle of Tours
5%
1765 AD Start of the American Revolution
5%
1871 AD The establishment of the German Empire
5%
1964 AD The enactment of the Civil Rights Act
0%
717-718 AD The siege of Constantinople
0%
No matching quizzes found
Score Distribution
Percent of People with Each Score
Percentile by Number Answered
Your Score History
You have not taken this quiz